000 00788cam a2200217 i 4500
005 20251108174927.0
008 250721s2010 sy gr 000 0 ara d
041 _aara
_heng
082 1 4 _a133.43
_bب و د
100 1 _aبودج، واليس
_eمؤلف.
245 1 0 _aالسحر المصري /
_cاي-اي-واليس بودج،ترجمة: د. حسن هيثم الطريحي، مراجعة: د. محمد سعيد الطريحي.
264 3 1 _aدمشق :
_bدار نينوى،
_c2010.
300 _a131صفحة.
650 1 7 _aالسحر و التنجيم.
650 1 7 _aعلم التنجيم.
650 1 7 _aالتعويذة.
650 1 7 _aالروحانية.
700 1 _aالطريحي، حسن
_eمترجم.
942 _2ddc
_cBK
999 _c121735
_d121735